Ant cities (Record no. 105932)

MARC details
000 -LÍDER
campo de controle de tamanho fixo 00706 a2200277 4500
001 - NÚMERO DE CONTROLE
campo de controle 105932
020 ## - ISBN - INTERNATIONAL STANDARD BOOK NUMBER
ISBN - International Standard Book Number 0064450791
020 ## - ISBN - INTERNATIONAL STANDARD BOOK NUMBER
ISBN - International Standard Book Number 0329019333
020 ## - ISBN - INTERNATIONAL STANDARD BOOK NUMBER
ISBN - International Standard Book Number 1413114407
041 ## - CÓDIGO DE IDIOMA
Código do idioma do texto/trilha sonora ou título diferente eng
082 ## - CDD - CLASSIFICAÇÃO DECIMAL DE DEWEY
Número de Classificação AP SK 595
092 ## - CLASSIFICAÇÃO DE DEWEY ATRIBUÍDA LOCALMENTE (OCLC)
Número de Classificação 88048244
040 ## - FONTE DA CATALOGAÇÃO
Instituição da catalogação original BR-BrIDEA
Instituição que transcreveu o registro BR-BrIDEA
090 ## - NÚMERO DE CHAMADA LOCAL
Número de chamada (OCLC) (R); Número de chamada, CALL (RLIN) (NR) AP SK 595
Número Cutter local (OCLC); Número de classificação do livro, CALL (RLIN) DOR
100 ## - ENTRADA PRINCIPAL--NOME PESSOAL
Nome pessoal Dorros, Arthur.
250 ## - EDIÇÃO
Edição . ed.
245 10 - TÍTULO
Título Ant cities
Indicação de responsabilidade, etc. Arthur Dorros
260 ## - PUBLICAÇÃO, DISTRIBUIÇÃO, ETC.
Local de publicação, distribuição, etc. New York
Nome do editor, distribuidor, etc. HarperCollins
Data da publicação, distribuição, etc. 1987
300 ## - DESCRIÇÃO FÍSICA
Extensão 28 p.
490 ## - TÍTULO DA SÉRIE
Título da série Let's-read-and-find-out science. Stage 2
697 ## - ENTRADA DE ASSUNTO LOCAL--ENTIDADE COLETIVA (RLIN)
Nome corporativo ou nome da jurisdição Ants - Behavior
697 ## - ENTRADA DE ASSUNTO LOCAL--ENTIDADE COLETIVA (RLIN)
Nome corporativo ou nome da jurisdição Ants - Habits and behavior.
830 ## - ENTRADA SECUNDÁRIA DE SÉRIE--TÍTULO UNIFORME
Título uniforme Let's-read-and-find-out science. Stage 2
856 ## - LOCALIZAÇÃO ELETRÔNICA E ACESSO
Uniform Resource Identifier <a href="00002a/00002a5f.jpg">00002a/00002a5f.jpg</a>
942 ## - ELEMENTOS DE ENTRADA ADICIONADOS (KOHA)
Tipo de material Koha Livros
Holdings
Situação do descarte Situação das perdas Fonte da classificação ou esquema de arquivamento na estante Situação física Não pode ser emprestado Biblioteca de origem Biblioteca atual Data de aquisição Total de empréstimos Número de chamada completo Código de barras Data de último acesso Data do preço efetivo Tipo de material Koha
    Classificação Decimal de Dewey     ECB - SUDOESTE ECB - SUDOESTE 06/01/2016   P SK 595 DOR 00021886SSW 23/01/2024 23/01/2024 Livros
    Classificação Decimal de Dewey     ECB - SUDOESTE ECB - SUDOESTE 06/01/2016   P SK 595 DOR 00021885SSW 23/01/2024 23/01/2024 Livros
    Classificação Decimal de Dewey     ECB - SUDOESTE ECB - SUDOESTE 06/01/2016   P SK 595 DOR 00021887SSW 23/01/2024 23/01/2024 Livros
    Classificação Decimal de Dewey     ECB - SUDOESTE ECB - SUDOESTE 04/02/2014   P Year 1 595 00006690SSW 23/01/2024 23/01/2024 Livros
    Classificação Decimal de Dewey     ECB - SUDOESTE ECB - SUDOESTE 25/06/2013   P Year 1 595 00003749SSW 23/01/2024 23/01/2024 Livros
    Classificação Decimal de Dewey     ECB - SUDOESTE ECB - SUDOESTE 26/02/2014   P Year 1 595 00007459SSW 23/01/2024 23/01/2024 Livros
    Classificação Decimal de Dewey     ECB - ÁGUAS CLARAS ECB - ÁGUAS CLARAS 14/02/2020   AP Year 1 595 DOR 00048797AGC 23/01/2024 23/01/2024 Livros
    Classificação Decimal de Dewey     ECB - ÁGUAS CLARAS ECB - ÁGUAS CLARAS 01/02/2018   AP SK 595 DOR 00033823AGC 23/01/2024 23/01/2024 Livros
    Classificação Decimal de Dewey     ECB - ÁGUAS CLARAS ECB - ÁGUAS CLARAS 06/02/2018   AP Year 1 595 DOR 00034017AGC 23/01/2024 23/01/2024 Livros
    Classificação Decimal de Dewey     ECB - ÁGUAS CLARAS ECB - ÁGUAS CLARAS 01/02/2018   AP SK 595 DOR 00033822AGC 23/01/2024 23/01/2024 Livros